000 00363pam a2200157 a 4500
020 _c
041 _aeng
082 _a612
_bAPT
100 _aApte, S R.
245 _aExperimental Physiology Vol - II
_hTextual Documents
250 _a1st ed.
260 _aPoona:
_bPadmashri Prakashan,
_c1966.
300 _a302.
653 _aHuman Physiology
930 _a1454
999 _c74746
_d74746